Famosos latinoamericanos por pista - Estadísticas

Estadísticas generales
  • Esta prueba ha sido intentada 855 veces
    682 desde el último reinicio
  • La puntuación promedio es 10 de 18
Estadísticas de respuestas
Pista Famoso latino % Correcto
Elegidos como el «mejor futbolista del siglo XX» Diego Maradona
89%
Presidente venezolano 1999-2013 Hugo Chávez
84%
Dictador chileno 1973-1990 Augusto Pinochet
82%
Elegidos como el «mejor futbolista del siglo XX» Pelé
81%
Futbolista uruguayo jugando para el Barcelona y la selección nacional, también conocido como «El Pistolero» Luis Suárez
74%
Actriz colombiana famosa por Modern Family Sofía Vergara
72%
Líder cubano 2008-2018 Raúl Castro
70%
Primera dama de Argentina desde 1946 hasta su muerte, que tiene un musical que lleva su nombre Eva Perón
66%
Autor peruano y ganador del premio Nobel en 2010 Mario Vargas Llosa
48%
Actriz mexicana conocida por Wild Wild West, Frida y Desperado Salma Hayek
46%
Autor brasileño conocido por El alquimista y El peregrino de Compostela Paulo Coelho
43%
El último líder inca que fue ejecutado por Pizarro y sus tropas Atahualpa
33%
Supermodelo brasileña (mejor pagada del mundo hasta 2017) Gisele Bündchen
32%
Youtuber y Sonic en el doblaje latino de Sonic, la película Luisito Comunica
32%
Poeta y autor surrealista argentino conocido por El hacedor, El libro de arena y Ficciones Jorge Luis Borges
31%
Presidente de Chile 2006-2010 y 2014-2018 Michelle Bachelet
31%
Entrenador de perros mexicano que tiene un programa de televisión llamado El encantador de perros César Millán
28%
Actor mexicano conocido por Amores Perros, Y tu mamá también, Diarios de motocicleta y Coco Gael García Bernal
27%
No se encontraron pruebas coincidentes
Distribución de puntuación
Porcentaje de gente con cada puntuación
Porcentaje por número respondido
Historial de tus puntuaciones
No has intentado esta prueba desde el último reinicio